| 000 | 00615nam a22002057a 4500 | ||
|---|---|---|---|
| 003 | OSt | ||
| 005 | 20140310182818.0 | ||
| 008 | 130301t xxu||||| |||| 00| 0 eng d | ||
| 020 | _a9812405550 | ||
| 050 |
_aQA 76.9.D26 _b.R62 2002 |
||
| 245 |
_aDatabase systems : design, implementation and management / _c Bob, Peter ; Coronel,Carlos . |
||
| 260 |
_aAustralia : _bCourse Technology/Thomson Learning, _c2000 |
||
| 300 |
_a xxvi, 750 p. : _b ill. ; _c25 cm. |
||
| 521 | _aIT | ||
| 562 | _e1 | ||
| 650 | _a1. Database design | ||
| 650 | _a2. Database managment | ||
| 942 |
_2lcc _cBK _kFOR |
||
| 999 |
_c16313 _d16313 |
||